000 01722nam a2200337 a 4500
999 _c1721
_d1721
001 1721
003 BD- JhCC
005 20211118134021.0
008 171023s2011 bg b a 101 0 eng
020 _a9789845060226
035 _a(BD-JhCC)1721
040 _aDLC
_cDLC
_dDLC
_erda
_dDLC
041 _aeng
050 0 0 _aJQ639.A15
_bD465 2011
082 _a321.8
_bDEM 2011
245 0 0 _aDemocracy in Bangladesh :
_bpolitical dimensions of national development : selected papers from the 2008 and 2009 conferences on Bangladesh at Harvard University /
_cedited by Zillur R. Khan, Syed Saad Andaleeb.
300 _axxxiv, 242 pages ;
_c22 cm
500 _a"Bangladesh Development Initiative."
504 _aIncludes bibliographical references and index.
520 _aContributed papers presented at the conferences organized by Bangladesh Development Initiative along with Democracy and Development in Bangladesh Forum and The Ash Institute for Democratic Governance & Innovation, held at John F. Kennedy School of Government at Harvard University.
650 0 _aDemocracy
_zBangladesh
_vCongresses.
650 0 _aBangladesh
_xPolitics and government
_vCongresses.
700 1 _aKhan, Zillur R.
_q(Zillur Rahman),
_d1938-
700 1 _aAndaleeb, Syed Saad,
710 2 _aBangladesh Development Initiative.
711 2 _aBangladesh in the 21st Century (Conference)
_d(2008 :
_cCambridge, Mass.)
711 2 _aIdeas and Innovations for the Development of Bangladesh : the Next Decade (Conference)
_d(2009 :
_cCambridge, Mass.)
856 4 1 _3Table of contents only
_uhttp://www.loc.gov/catdir/toc/fy13pdf04/2011311926.html
942 _2ddc
_cBK
_01